01016cam a22003734i 4500003000900000005001700009008004100026020001500067035002700082040003300109082002100142100003300163245007600196264005300272300006700325336002100392337002500413338002300438505005800461526001000519526001000529526000900539526000900548526000900557526000900566526000900575526000900584526000900593526000800602526000800610526000800618526000800626526000800634PE-LiUPU20250731165539.0150625s r 000 0 d a9589085008 a(Sirsi) i9789589085004 aPE-LiUPUbspacPE-LiUPUerda04a463.42bS1842211 aSallarés, Enrique,eautor.10aPrimer consultor infantil español inglés.n4 /cEnrique Sallarés. 1aBogotá, Colombia :bEditorial Zamora,c[19??]. a428 páginas :bilustraciones, gráficos ;c28 centímetros atext2rdacontent aunmediated2rdamedia avolume2rdacarrier0 aPrimer cosultor infantil español inglés. De: R-Z. aSEG44 aSEG26 aP151 aP150 aP149 aP146 aP145 aP126 aP125 aP92 aP75 aP74 aP27 aP15